| 000 | 00516nam a2200193Ia 4500 | ||
|---|---|---|---|
| 001 | 9877 | ||
| 003 | IN-NITTTR | ||
| 005 | 20251114233052.0 | ||
| 008 | 251113s9999||||xx |||||||||||||| ||eng|| | ||
| 040 | _beng | ||
| 040 | _cIN-NITTTR | ||
| 041 | _aeng | ||
| 082 | _a371.2603 A23E | ||
| 100 | _aAnderson, Scarvia B. | ||
| 245 | 0 |
_aEncyclopedia of educational evaluation. / _cAnderson, Scarvia B., Ball, Samuel, Murphy, Richard T. |
|
| 700 | _a Ball, Samuel | ||
| 700 | _a Murphy, Richard T. | ||
| 942 |
_2ddc _cBK |
||
| 999 |
_c12514 _d12514 |
||